Comparative political systems : studies in the politics of pre-industrial societes
Αποθηκεύτηκε σε:
| Άλλοι συγγραφείς: | , |
|---|---|
| Μορφή: | Βιβλίο |
| Γλώσσα: | English |
| Δημοσίευση: |
New York :
Natural History,
1967
|
| Θέματα: | |
| Ετικέτες: |
Προσθήκη ετικέτας
Δεν υπάρχουν, Καταχωρήστε ετικέτα πρώτοι!
|
MARC
| LEADER | 00000nam a2200000 i 4500 | ||
|---|---|---|---|
| 001 | 1/86440 | ||
| 008 | 960508s1967 eng d | ||
| 035 | |l 10006499 | ||
| 040 | |a GR-MY-UA |b gre |e aacr | ||
| 041 | 0 | |a eng | |
| 082 | 0 | |a 306.2 | |
| 245 | 1 | 0 | |a Comparative political systems : |b studies in the politics of pre-industrial societes / |c Edited by Ronald Cohen; John Middleton |
| 260 | |a New York : |b Natural History, |c 1967 | ||
| 300 | |a 512 p. | ||
| 504 | |a Includes bibliographical references and index | ||
| 650 | 0 | 0 | |a Comparative government. |
| 700 | 1 | |a Cohen, Ronald. |4 edt | |
| 700 | 1 | |a Middleton, John |d 1921- |4 edt | |
| 852 | |a INST |b LESVOS |e 19960508 |h 306.2 COM |p 005100010284 |q 005100010284 |t BK |y 0 | ||
| 909 | |a Λ |b 009476 | ||